Guns of the frontier : the story of how law came to the West /

Bibliographic Details
Main Author: Raine, William MacLeod, 1871-1954
Format: Book
Language:English
Published: Boston : Cambridge, Mass. : Houghton, Mifflin Company ; Riverside Press, 1940.
Subjects:

MARC

Tag First Indicator Second Indicator Subfields
LEADER 00000cam a2200000 a 4500
001 in00000082395
005 20151008061149.0
008 730307s1940 maucf 00010 engm
010 |a  40008329  
035 |a (OCoLC)00573783 
035 |9 AAJ7449AM 
040 |a DLC  |c OUN  |d SER  |d TXA  |d UtOrBLW 
049 |a TXAS  |c [1702082] 
050 0 0 |a F591  |b .R25 
082 0 |a 917.8 
100 1 |a Raine, William MacLeod,  |d 1871-1954. 
245 1 0 |a Guns of the frontier :  |b the story of how law came to the West /  |c by William MacLeod Raine ; illustrated. 
264 1 |a Boston :  |b Houghton, Mifflin Company ;  |a Cambridge, Mass. :  |b Riverside Press,  |c 1940. 
300 |a x, 282 pages, 6 unnumbered leaves of plates :  |b portraits ;  |c 21 cm. 
336 |a text  |b txt  |2 rdacontent 
337 |a unmediated  |b n  |2 rdamedia 
338 |a volume  |b nc  |2 rdacarrier 
500 |a Copy signed by the author. 
500 |a Includes index. 
504 |a Bibliography: pages [271]-274. 
650 0 |a Frontier and pioneer life  |z West (U.S.) 
999 |a MARS 
999 f f |s fd118310-e4c2-3ef3-98a8-d224d1416450  |i 35508f8a-a969-39e6-8f3b-1ae12a31b936  |t 0 
952 f f |p noncirc  |a Texas A&M University  |b College Station  |c Cushing Memorial Library & Archives  |d Cushing: Dykes (Does not check out)  |t 0  |e F591 .R25  |h Library of Congress classification  |i unmediated -- volume  |m a14851714809 
998 f f |a F591 .R25  |t 0  |l Cushing: Dykes (Does not check out)